000 00523nam a22001817a 4500
005 20260430154706.0
008 260430s2013 ag 000 1 spa
020 _a9789870428671
040 _aAR-MoUNM
082 0 _a20
_2AR863
_bUH 28
100 _920257
_aUhart, Hebe,
_d1936-2018.
245 1 3 _aUn día cualquiera /
_cHebe Uhart.
260 _aBuenos Aires :
_bAlfaguara
_cc2013.
300 _a171 p. ;
_c24 cm.
650 7 _aLITERATURA
_zARGENTINA
_2unescot
_91913
650 7 _aCUENTO
_2unescot
_9185
942 _cLIBRO
_2ddc
999 _c21737
_d21738